000 00686nam a22002177a 4500
003 OSt
005 20260112071319.0
008 260112b |||||||| |||| 00| 0 eng d
020 _a1-56053-543-1.
040 _aDWCL-Main lib.
_cOC
082 _22nd ed.
_aCirc. 614.4 G259i 2003
100 _aGates, Robert H.
245 _aInfectious disease secrets/
_cRobert H. Gates
250 _a2nd ed.
260 _aPa. :
_bHanley & Belfus,
_c c2003.
300 _axv, 471 pages. :
_billustrations. ;
_c23 centimeters.
504 _aIncludes index.
650 _a1. Communicable diseases-Miscellanea.
650 _a2. Infection-Miscellanea.
942 _2ddc
_cBK-CIRC
_e2nd ed.
_hCirc.
_n0
999 _c7298
_d7298